000 00644nam a2200217 i 4500
001 C2-0319794
003 PPAK
005 20180728115441.0
008 121111s1980 my |||| ||||| | eng d
040 _aPPAK
_beng
_cPPAK
_erda
082 0 4 _a338.9595
_223
090 0 0 _a338.9595
_bKED
_dKK
245 0 0 _aKedah Valley development project
_bCentral Kedah 33KV electricity project
264 1 _aAlor Setar, Kedah :
_bState Economic Planning Unit ,
_c1980
300 _a30 pages ;
_c30 cm
336 _2rdacontent
_atext
337 _2rdamedia
_aunmediated
338 _2rdacarrier
_avolume
650 1 0 _aEconomic development
942 _ddc
_cB
999 _c120599
_d120599